Yaşlanma ve yaşlılık: (Record no. 12725)

MARC details
000 -BAŞLIK
Sabit Uzunlukta Kontrol Alanı 00771nam a22002177a 4500
999 ## - SİSTEM KONTROL NUMARALARI (KOHA)
Koha Biblionumber 12725
Koha Biblioitemnumber 12725
003 - KONTROL NUMARASI IDENTIFIER
Denetim Alanı MIRAKIL
005 - SON İŞLEM TARİHİ VE ZAMANI
Denetim Alanı 20190211140238.0
008 - SABİT-BOY VERİ ELEMANLARI - GENEL BİLGİLER
Sabit Uzunlukta Kontrol Alanı 190211b tu ||||| |||| 00| 0 tur d
020 ## - ULUSLARARASI STANDART KİTAP NUMARASI
Uluslararası Standart Kitap Numarası 9786053995197
040 ## - KATALOGLAMA KAYNAK
Orijinal Kataloglama Ajansı TR-AnCHP
Metne Dönüştürmek Ajansı TR-AnCHP
041 ## - DİL KODU
Metin / Ses Parça Veya Ayrı Başlığın Dil Kodu tur
082 ## - DEWEY ONLU SINIFLANDIRMA NUMARASI
Sınıflandırma Numarası 305.26
Ürün Numarası Y27 2018
245 10 - BAŞLIK TABLOSU
Başlık Yaşlanma ve yaşlılık:
Başlığın Kalan Disiplinlerarası bakış açıları
Sorumluluk Tablosu, Vb derleyen Alan Duben
260 ## - YAYIN, DAĞITIM, VB
Yayın, Dağıtım, Vb Yeri İstanbul:
Yayıncı, Dağıtıcı, Vs Adı İstanbul Bilgi Üniversitesi Yayınları,
Yayın, Dağıtım, Vb Tarihi 2018.
300 ## - FİZİKSEL TANIM
Kapsam 189 s.:
Diğer Fiziksel Ayrıntıları şkl.;
Boyutlar 23 sm.
490 0# - SERİSİ TABLOSU
Seri Beyanı İstanbul Bilgi Üniversitesi Yayınları;
-- Bilgi ve toplum
Hacim / Ardışık Tanımı 629.
-- 12.
504 ## - KAYNAKÇA VB NOT
Kaynakça Vb Notu Dizin vardır.
-- Kaynakça bölüm sonlarındadır.
650 #0 - KONU KATMA GİRİŞ - TOPİKAL DÖNEM
9 (RLIN) 5175
Topikal Süreli Veya Coğrafi Ad Giriş Elemanı Yaşlılık
Genel Alt Bölümü Sosyal açı
Coğrafi Alt Bölümü Türkiye
700 ## - KATMA GİRİŞ - KİŞİSEL İSİM
9 (RLIN) 5176
Kişisel Ad Duben, Alan
Relator Terim der.
942 ## - EKLENDİ GİRİŞ ELEMANLARI (KOHA)
Sınıflandırma Veya Raf Düzeni Kaynak Dewey Decimal Classification
Koha Öğesi Türü Books
Holdings
Kalıcı Konum Mevcut Konum Edinme Tarihi Edinim Kaynak Toplam Check-Out'Lar Tam Çağrı Numarası Barkod Tarih Son Görülme İtibaren Geçerli Fiyatlar Sigara Kamu Notu Koha Öğesi Türü
CHP Kütüphanesi CHP Kütüphanesi 02/11/2019 Bağış   305.26 Y27 2018 018835 02/11/2019 02/11/2019 Kemal Kılıçdaroğlu bağışıdır. Books